000 00322 a2200133 4500
000 nam a22 7a 4500
100 _aBurgot, Gwenola
110 _aBurgot, Gwenola
245 _aGeneral Analytical Chemistry
250 _aLatest edition
260 _bCRC Press
_c2024
264 _bCRC Press
_c2024
942 _cBK
999 _c394517
_d394517